[Event "SLO-chT2 East"]
[Site "Slovenia"]
[Date "2018.09.29"]
[Round "3"]
[White "Rozmanec, Pia"]
[Black "Gmajner, Ivan"]
[Result "0-1"]
[WhiteElo "1543"]
[BlackElo "1848"]
[PlyCount "36"]
[EventDate "2018.09.15"]
[EventType "team-tourn"]
[EventRounds "9"]
[EventCountry "SLO"]
[SourceTitle "EXT 2021"]
[Source "ChessBase"]
[SourceDate "2020.10.23"]
[SourceVersion "1"]
[SourceVersionDate "2020.10.23"]
[SourceQuality "1"]
[WhiteTeam "Sevnica Majcen"]
[BlackTeam "Krsko Triglav II"]
[WhiteTeamCountry "SLO"]
[BlackTeamCountry "SLO"]

1. e4 e5 2. Nf3 Nc6 3. Bb5 a6 4. Bxc6 dxc6 5. 0-0 f6 6. d4 Bg4 7. dxe5 Qxd1 8. Rxd1 fxe5 9. Rd3 Bd6 10. b3 Nf6 11. Nc3 0-0-0 12. Bg5 h6 13. Bxf6 gxf6 14. Ne2 f5 15. exf5 e4 16. Rd4 exf3 17. Rxg4 fxe2 18. f3 Bc5+ 0-1

[Event "SLO-ch 23rd"]
[Site "Sentjur"]
[Date "2013.04.14"]
[Round "9"]
[White "Gmajner, Ivan"]
[Black "Slejko, Vladimir"]
[Result "1/2-1/2"]
[WhiteElo "1812"]
[BlackElo "1942"]
[PlyCount "127"]
[EventDate "2013.04.06"]
[EventType "swiss"]
[EventRounds "9"]
[EventCountry "SLO"]
[SourceTitle "CBM 153 Extra"]
[Source "ChessBase"]
[SourceDate "2013.04.22"]
[SourceVersion "1"]
[SourceVersionDate "2013.04.22"]
[SourceQuality "1"]

1. e4 b6 2. d4 Bb7 3. Bd3 g6 4. Nf3 Bg7 5. Nc3 h6 6. 0-0 e6 7. Re1 d6 8. a4 a6 9. Qe2 Nd7 10. Bd2 g5 11. Be3 g4 12. Nd2 h5 13. f4 Nh6 14. Rf1 f5 15. Rae1 0-0 16. Bc4 Re8 17. e5 d5 18. Bd3 c5 19. b3 Bf8 20. Nd1 cxd4 21. Bxd4 Nc5 22. Nf2 Nxd3 23. Nxd3 Rc8 24. Rc1 b5 25. axb5 axb5 26. b4 Rc4 27. c3 Rc8 28. Nb3 Bc6 29. Nbc5 Rc7 30. Ra1 h4 31. g3 Rh7 32. Kf2 Nf7 33. Rh1 Qe7 34. Kg2 Bh6 35. Qe1 Kh8 36. Ra6 Nd8 37. Qa1 Qc7 38. Nb3 Bb7 39. Ra2 Qc4 40. Nbc5 Bf8 41. Rd2 Bxc5 42. Nxc5 Nc6 43. Nxb7 Rxb7 44. Qa2 h3+ 45. Kf2 Nxd4 46. Qxc4 bxc4 47. Rxd4 Ra8 48. Rd2 Ra3 49. Rc1 Kg7 50. Rb2 Kf7 51. Ke3 Ke7 52. Kd4 Kd7 53. b5 Kc7 54. Kc5 Ra5 55. Rcc2 Rb6 56. Rb4 Ra3 57. Rbb2 Ra4 58. Rb4 Ra1 59. Rbb2 Ra5 60. Rb4 Kb7 61. Rbb2 Ra3 62. Rb4 Kc7 63. Rbb2 Ra1 64. Ra2 1/2-1/2

[Event "Sentjur Ipavec Memorial 13th"]
[Site "Sentjur"]
[Date "2012.09.22"]
[Round "4"]
[White "Gmajner, Ivan"]
[Black "Pirs, Matjaz"]
[Result "0-1"]
[WhiteElo "1813"]
[BlackElo "2055"]
[PlyCount "122"]
[EventDate "2012.09.19"]
[EventType "swiss"]
[EventRounds "9"]
[EventCountry "SLO"]
[SourceTitle "EXT 2015"]
[Source "ChessBase"]
[SourceDate "2014.11.20"]
[SourceVersion "1"]
[SourceVersionDate "2014.11.20"]
[SourceQuality "1"]

1. e4 c5 2. Nf3 d6 3. d3 Nc6 4. g3 g6 5. Bg2 Bg7 6. c3 e5 7. 0-0 Nge7 8. Be3 b6 9. d4 Qc7 10. Na3 a6 11. Rc1 0-0 12. Qd2 Bb7 13. d5 Nd8 14. Bh6 f5 15. Bxg7 Kxg7 16. c4 f4 17. Nc2 Bc8 18. h3 h6 19. g4 Nf7 20. Nfe1 g5 21. f3 Ng6 22. Rf2 Rh8 23. Nd3 Bd7 24. b3 h5 25. Nce1 Rh6 26. Kf1 Nh4 27. Ke2 hxg4 28. hxg4 Nh8 29. Nc2 N8g6 30. Rg1 Rah8 31. Nce1 Qc8 32. Kd1 Qc7 33. Ke2 Kf6 34. Kd1 Rb8 35. Ke2 b5 36. Nb2 Rhh8 37. Ned3 Nxg2 38. Rgxg2 Rh7 39. Rh2 Nh4 40. Qe1 Rbh8 41. Rf1 Qc8 42. Nf2 Nxf3 43. Rxh7 Nxe1 44. Rxh8 Qxh8 45. Rh1 Qg7 46. Kxe1 Qg6 47. Ke2 Ke7 48. Kf3 Qg8 49. Rh5 Be8 50. Rh6 Qg7 51. Rh1 Kd8 52. Rh2 Qc7 53. Nh3 Qa5 54. Nd3 Qc3 55. Nhf2 bxc4 56. bxc4 Qxc4 57. Rh6 Ke7 58. Rh7+ Bf7 59. Rg7 Kf6 60. Rh7 Qd4 61. Rh6+ Bg6 0-1

[Event "Sentjur Ipavec Memorial-A 12th"]
[Site "Sentjur"]
[Date "2011.09.15"]
[Round "2"]
[White "Gmajner, Ivan"]
[Black "Kersic, Matej"]
[Result "0-1"]
[WhiteElo "1853"]
[BlackElo "2139"]
[PlyCount "94"]
[EventDate "2011.09.14"]
[EventType "swiss"]
[EventRounds "9"]
[EventCountry "SLO"]
[SourceTitle "CBM 144 Extra"]
[Source "ChessBase"]
[SourceDate "2011.10.28"]
[SourceVersion "1"]
[SourceVersionDate "2011.10.28"]
[SourceQuality "1"]

1. b3 Nf6 2. Bb2 d5 3. Nf3 b6 4. e3 e6 5. Be2 Be7 6. 0-0 0-0 7. c4 Bb7 8. Qc2 Nbd7 9. Nc3 c5 10. d3 Rc8 11. Rfd1 Bd6 12. h3 Qe7 13. Rac1 Rfd8 14. a4 e5 15. cxd5 Nxd5 16. Nxd5 Bxd5 17. Nd2 Bc7 18. Bf3 Nf6 19. e4 Be6 20. Nc4 Nd7 21. Ne3 Nb8 22. Bg4 Nc6 23. Bc3 Nd4 24. Bxd4 exd4 25. Nd5 Qd6 26. Nxc7 Rxc7 27. Bxe6 Qxe6 28. Qc4 Rdc8 29. Qxe6 fxe6 30. f4 Kf7 31. Rc2 Ke7 32. f5 exf5 33. exf5 Kf6 34. Re2 Kxf5 35. Rf1+ Kg5 36. g4 g6 37. Re5+ Kh6 38. Kg2 Kg7 39. Rf4 Rf8 40. Kf3 Rxf4+ 41. Kxf4 Kf7 42. g5 Re7 43. Rxe7+ Kxe7 44. Ke5 Kd7 45. Kd5 a5 46. h4 Kc7 47. Ke6 b5 0-1

[Event "Sentjur Ipavec Memorial 11th"]
[Site "Sentjur"]
[Date "2010.09.21"]
[Round "7"]
[White "Milovanovic, Srecko"]
[Black "Gmajner, Ivan"]
[Result "1-0"]
[WhiteElo "1979"]
[BlackElo "1863"]
[PlyCount "131"]
[EventDate "2010.09.17"]
[EventType "swiss"]
[EventRounds "9"]
[EventCountry "SLO"]
[SourceTitle "CBM 138 Extra"]
[Source "ChessBase"]
[SourceDate "2010.10.29"]
[SourceVersion "1"]
[SourceVersionDate "2010.10.29"]
[SourceQuality "1"]

1. e4 e5 2. Nf3 Nc6 3. d4 exd4 4. Nxd4 Nf6 5. Nxc6 bxc6 6. Bd3 d6 7. 0-0 Be7 8. Nc3 0-0 9. h3 Re8 10. f4 a5 11. Qe2 Bf8 12. Bd2 Bd7 13. Rae1 Nd5 14. Qf3 Nb4 15. f5 Nxd3 16. cxd3 f6 17. Qg4 Re7 18. Be3 Be8 19. b3 Bf7 20. Bd4 Kh8 21. Rf3 c5 22. Bf2 Qe8 23. Qf4 Qc6 24. Rfe3 Rae8 25. g4 Bg8 26. Qf3 Qd7 27. Bh4 h6 28. Bg3 c6 29. Nd1 Qd8 30. Bf2 Rd7 31. R3e2 Rde7 32. h4 Bh7 33. Be3 Rf7 34. Rg2 Be7 35. Rge2 Bf8 36. Kg2 Rb7 37. Rh1 Rb5 38. g5 Rb7 39. gxh6 gxh6 40. Kh3 Bg7 41. Qh5 Rg8 42. Rg1 Qe8 43. Qf3 Bf8 44. Reg2 Rxg2 45. Rxg2 Rg7 46. Rxg7 Bxg7 47. Bf4 Bf8 48. Qg3 Qd7 49. Nb2 Qb7 50. Nc4 d5 51. Nxa5 Qa6 52. Bd2 dxe4 53. dxe4 Qf1+ 54. Qg2 Qd3+ 55. Kg4 Qd7 56. Nc4 Bg8 57. Qe2 Bf7 58. Bc3 Bg7 59. Qd2 Qe8 60. Qf4 Bh5+ 61. Kg3 Kh7 62. e5 fxe5 63. Bxe5 Bxe5 64. Nxe5 Qg8+ 65. Kf2 Qd5 66. f6 1-0